Countries Skrillex has Visited - Statistics

General Stats
  • This quiz has been taken 26 times
    14 since last reset
  • The average score is 40 of 49
Answer Stats
Continent Country % Correct
South America Argentina
100%
Oceania Australia
100%
South America Brazil
100%
North America Canada
100%
Europe France
100%
North America Mexico
100%
North America United States of America
100%
Asia China
92%
North America Cuba
92%
Europe Germany
92%
Asia Japan
92%
Europe Portugal
92%
Asia/ Europe Russia
92%
Asia South Korea
92%
Europe Spain
92%
Europe United Kingdom
92%
Europe Austria
83%
Europe Belgium
83%
South America Chile
83%
Europe Denmark
83%
Europe Finland
83%
Europe Hungary
83%
Asia India
83%
Asia Indonesia
83%
Europe Italy
83%
Oceania New Zealand
83%
Europe Poland
83%
Asia Singapore
83%
Europe Sweden
83%
Asia Thailand
83%
Asia/ Europe Turkey
83%
North America Costa Rica
75%
Europe Czech Republic
75%
Europe Luxembourg
75%
Asia Malaysia
75%
Europe Netherlands
75%
Asia Philippines
75%
Europe Romania
75%
Africa South Africa
75%
Asia United Arab Emirates
75%
Europe Greece
67%
Europe Iceland
67%
Asia Israel
67%
Europe Serbia
67%
Europe Switzerland
67%
Europe Montenegro
58%
South America Paraguay
58%
Asia Taiwan
58%
Asia Vietnam
58%
No matching quizzes found
Score Distribution
Percent of People with Each Score
Percentile by Number Answered
Your Score History
You have not taken this quiz since the last reset